[Event "Uljanovsk op"]
[Site "Uljanovsk"]
[Date "2009.08.29"]
[Round "7"]
[White "Borisov, Grigori"]
[Black "Khairullin, Farhad"]
[Result "1-0"]
[WhiteElo "1884"]
[BlackElo "2009"]
[PlyCount "91"]
[EventDate "2009.08.26"]
[EventType "swiss"]
[EventRounds "9"]
[EventCountry "RUS"]
[SourceTitle "CBM 132 Extra"]
[Source "ChessBase"]
[SourceDate "2009.11.03"]
[SourceVersion "1"]
[SourceVersionDate "2009.11.03"]
[SourceQuality "1"]

1. e4 c5 2. Nf3 d6 3. d3 Nc6 4. g3 Bg4 5. Bg2 Nf6 6. Nbd2 e6 7. 0-0 Be7 8. Re1 Qc7 9. h3 Bh5 10. Nf1 h6 11. Bf4 g5 12. Bd2 g4 13. hxg4 Bxg4 14. Ne3 Bh5 15. c4 Nd4 16. Bc3 Rg8 17. Bxd4 Bxf3 18. Qa4+ Nd7 19. Bxf3 cxd4 20. Ng2 Qb6 21. e5 0-0-0 22. exd6 Nc5 23. Qc2 Bxd6 24. Qd2 Na4 25. a3 Qxb2 26. Qa5 Nc3 27. Qxa7 Bxg3 28. fxg3 Rxg3 29. Qc5+ Kd7 30. Qxd4+ Ke8 31. Qf4 Rg5 32. Qc1 Qb6+ 33. Qe3 Qd4 34. Qxd4 Rxd4 35. Re3 b5 36. cxb5 Nxb5 37. a4 Na7 38. a5 Kd7 39. a6 f5 40. Rb1 f4 41. Re4 Rxe4 42. Rb7+ Kd6 43. Bxe4 Nc6 44. a7 Ra5 45. Rb6 Rxa7 46. Rxc6+ 1-0

[Event "Uljanovsk op"]
[Site "Uljanovsk"]
[Date "2009.08.28"]
[Round "6"]
[White "Khairullin, Farhad"]
[Black "Mirzaev, Aziz"]
[Result "0-1"]
[WhiteElo "2009"]
[BlackElo "1873"]
[PlyCount "56"]
[EventDate "2009.08.26"]
[EventType "swiss"]
[EventRounds "9"]
[EventCountry "RUS"]
[SourceTitle "CBM 132 Extra"]
[Source "ChessBase"]
[SourceDate "2009.11.03"]
[SourceVersion "1"]
[SourceVersionDate "2009.11.03"]
[SourceQuality "1"]

1. e4 d5 2. exd5 Qxd5 3. Nc3 Qa5 4. Nf3 Nf6 5. Bc4 Bf5 6. 0-0 c6 7. d4 e6 8. Bf4 Nbd7 9. a3 Be7 10. h3 h6 11. b4 Qd8 12. b5 Rc8 13. Qe2 cxb5 14. Nxb5 a6 15. Nd6+ Bxd6 16. Bxd6 Nb6 17. Bc5 Nxc4 18. Qxc4 b6 19. Qa4+ Qd7 20. Qxd7+ Nxd7 21. Bd6 Rc6 22. Bf4 Rxc2 23. Ne5 f6 24. Nxd7 Kxd7 25. Rfb1 Rc6 26. Rc1 Rhc8 27. f3 g5 28. Bg3 Rxc1+ 0-1

[Event "Uljanovsk op"]
[Site "Uljanovsk"]
[Date "2009.08.26"]
[Round "1"]
[White "Pirogov, Vladislav"]
[Black "Khairullin, Farhad"]
[Result "1-0"]
[WhiteElo "1598"]
[BlackElo "2009"]
[PlyCount "65"]
[EventDate "2009.08.26"]
[EventType "swiss"]
[EventRounds "9"]
[EventCountry "RUS"]
[SourceTitle "CBM 132 Extra"]
[Source "ChessBase"]
[SourceDate "2009.11.03"]
[SourceVersion "1"]
[SourceVersionDate "2009.11.03"]
[SourceQuality "1"]

1. d4 d5 2. c4 c6 3. e3 Nf6 4. Qc2 e6 5. c5 b6 6. b4 a5 7. Qa4 b5 8. Qa3 Nbd7 9. Bd2 Ne4 10. Nf3 Bb7 11. Qb2 Be7 12. a3 0-0 13. Bd3 f5 14. 0-0 Qe8 15. Nc3 Qh5 16. Ne2 axb4 17. axb4 Ndf6 18. Nf4 Qh6 19. Nxe6 Rfc8 20. Nf4 g5 21. Ne2 Bd8 22. Bxe4 fxe4 23. Ne5 Bc7 24. Rxa8 Rxa8 25. Ra1 Nd7 26. Rxa8+ Bxa8 27. Qa1 Bxe5 28. dxe5 Bb7 29. Qa7 Qh5 30. Nc3 Bc8 31. Qc7 Qe8 32. Qxc6 Kf8 33. Qxd5 1-0

[Event "Uljanovsk op"]
[Site "Uljanovsk"]
[Date "2008.02.05"]
[Round "7"]
[White "Khairullin, Farhad"]
[Black "Zaitsev, Vasiliy"]
[Result "1-0"]
[WhiteElo "2006"]
[BlackElo "2125"]
[PlyCount "129"]
[EventDate "2008.02.01"]
[EventType "swiss"]
[EventRounds "9"]
[EventCountry "RUS"]
[SourceTitle "EXT 2009"]
[Source "ChessBase"]
[SourceDate "2008.11.26"]
[SourceVersion "1"]
[SourceVersionDate "2008.11.26"]
[SourceQuality "1"]

1. e4 c5 2. Nf3 Nc6 3. d4 cxd4 4. Nxd4 a6 5. Be2 Nf6 6. Nc3 e6 7. 0-0 d5 8. exd5 Nxd5 9. Nxd5 Qxd5 10. Bf3 Qd7 11. Nxc6 bxc6 12. Bf4 Bc5 13. Qxd7+ Bxd7 14. Rad1 f6 15. Rfe1 e5 16. Bxe5 0-0 17. Bd6 Bxd6 18. Rxd6 Rfe8 19. Rxe8+ Rxe8 20. g4 Re1+ 21. Kg2 Be6 22. Rxc6 Bxa2 23. Rxa6 Bc4 24. Ra8+ Kf7 25. b3 Bf1+ 26. Kg3 g5 27. c4 Rb1 28. Bd5+ Ke7 29. c5 Be2 30. Ra7+ Kd8 31. f3 Rb2 32. c6 Rc2 33. Rxh7 Bf1 34. c7+ Rxc7 35. Rxc7 Kxc7 36. h4 gxh4+ 37. Kxh4 Bb5 38. f4 Kd6 39. Bg8 Be8 40. Kg3 Kc5 41. Kf3 Kd4 42. Be6 Bc6+ 43. Kg3 Be8 44. Kh4 Ke4 45. g5 f5 46. Kg3 Bg6 47. b4 Kd4 48. b5 Kc5 49. Bd7 Kd6 50. Bc6 Kc5 51. Kf3 Kd6 52. Ke3 Kc5 53. Kd3 Bh5 54. Kc3 Bf7 55. Bd7 Bg6 56. Kb3 Bh5 57. Bxf5 Kxb5 58. g6 Kc5 59. g7 Bf7+ 60. Kc3 Kd5 61. Bc2 Kd6 62. Bb3 Ke7 63. f5 Kf6 64. Bxf7 Kxf7 65. f6 1-0

[Event "Uljanovsk op"]
[Site "Uljanovsk"]
[Date "2008.02.04"]
[Round "6"]
[White "Pushin, Vladimir"]
[Black "Khairullin, Farhad"]
[Result "1-0"]
[WhiteElo "2297"]
[BlackElo "2006"]
[PlyCount "59"]
[EventDate "2008.02.01"]
[EventType "swiss"]
[EventRounds "9"]
[EventCountry "RUS"]
[SourceTitle "EXT 2009"]
[Source "ChessBase"]
[SourceDate "2008.11.26"]
[SourceVersion "1"]
[SourceVersionDate "2008.11.26"]
[SourceQuality "1"]

1. Nf3 Nf6 2. b3 d5 3. Bb2 c5 4. e3 Nc6 5. Bb5 e6 6. 0-0 Bd6 7. Ne5 Qc7 8. f4 0-0 9. Bxc6 bxc6 10. d3 Ne8 11. Nd2 f6 12. Nef3 e5 13. fxe5 fxe5 14. Qe2 Bg4 15. e4 Nf6 16. exd5 cxd5 17. Bxe5 Rae8 18. Bxd6 Qxd6 19. Qf2 Nh5 20. Rae1 Rxe1 21. Rxe1 Nf4 22. Qh4 Nh3+ 23. gxh3 Bxf3 24. Nxf3 Rxf3 25. Qg4 Rf4 26. Qe6+ Qxe6 27. Rxe6 Kf7 28. Rc6 c4 29. dxc4 dxc4 30. Rxc4 1-0

[Event "Uljanovsk op"]
[Site "Uljanovsk"]
[Date "2008.02.02"]
[Round "3"]
[White "Khairullin, Farhad"]
[Black "Borisov, Grigori"]
[Result "1/2-1/2"]
[WhiteElo "2006"]
[BlackElo "1781"]
[PlyCount "153"]
[EventDate "2008.02.01"]
[EventType "swiss"]
[EventRounds "9"]
[EventCountry "RUS"]
[SourceTitle "EXT 2009"]
[Source "ChessBase"]
[SourceDate "2008.11.26"]
[SourceVersion "1"]
[SourceVersionDate "2008.11.26"]
[SourceQuality "1"]

1. e4 c5 2. Nf3 d6 3. d4 cxd4 4. Nxd4 Nf6 5. Nc3 a6 6. Be2 e5 7. Nb3 Be6 8. 0-0 Be7 9. f4 Qc7 10. f5 Bc4 11. Bxc4 Qxc4 12. Qd3 Qxd3 13. cxd3 Nbd7 14. Bg5 b6 15. a4 0-0 16. Nd2 Nc5 17. Bxf6 Bxf6 18. Rf3 Rfc8 19. Nd5 Nd7 20. Nc4 Rc6 21. b4 Bd8 22. Rff1 Rb8 23. b5 axb5 24. axb5 Rc5 25. Nxd6 f6 26. Ra7 Nf8 27. Rb7 Ra8 28. Nxb6 Bxb6 29. Rxb6 Rc3 30. Ra6 Rxa6 31. bxa6 Ra3 32. Rb1 Rxa6 33. Nc4 Ra7 34. Kf2 Rd7 35. Ke3 Kf7 36. Rb6 Ke7 37. g4 Rc7 38. g5 Rd7 39. gxf6+ gxf6 40. Rc6 Rb7 41. Nb6 Kf7 42. Nd5 Nd7 43. Rc7 Rxc7 44. Nxc7 Ke7 45. Nd5+ Kf7 46. Kd2 Nb8 47. Nc7 Nc6 48. Ne6 Ke7 49. Kc3 Kd6 50. Nf8 h6 51. h4 Nd4 52. Kc4 Nf3 53. Ng6 Nd4 54. Nh8 Nf3 55. Nf7+ Ke7 56. Nxh6 Nxh4 57. Kd5 Nf3 58. Ng4 Ne1 59. Kc4 Nf3 60. Ne3 Nd4 61. Kd5 Nf3 62. Nc2 Ng5 63. Nb4 Nf3 64. Nc6+ Kd7 65. Nb8+ Ke7 66. Nc6+ Kd7 67. d4 exd4 68. Nxd4 Ne5 69. Ne6 Ke7 70. Nf4 Nf3 71. Ng6+ Kf7 72. Kd6 Ng5 73. e5 fxe5 74. Kxe5 Nh7 75. Nf4 Nf6 76. Ne6 Ng4+ 77. Kf4 1/2-1/2